| 000 | 00367nam a2200133Ia 4500 | ||
|---|---|---|---|
| 999 |
_c9731 _d9731 |
||
| 008 | 201231s9999 xx 000 0 und d | ||
| 020 | _a0333669762 | ||
| 100 |
_aBrass, Paul R. (ed.) _94581 |
||
| 245 | 0 |
_aRiots and Pogroms / _cedited by Paul R. Brass. |
|
| 260 |
_aLondon _bMacmillan Press Ltd _c1996 |
||
| 300 | _a262p. | ||
| 650 | 0 | _aPolitics - Riots | |
| 942 |
_cBK _2ddc |
||